Mikrogenerátory
Na minha lista:
| Autor principal: | |
|---|---|
| Outros Autores: | |
| Formato: | Manuscrito Livro |
| Idioma: | eslovaco |
| Publicado em: |
2016
|
| Assuntos: | |
| Acesso em linha: | http://is.stuba.sk/zp/portal_zp.pl?podrobnosti=108479 |
| Tags: |
Sem tags, seja o primeiro a adicionar uma tag!
|
MARC
| LEADER | 00000ntm a22000003a 4500 | ||
|---|---|---|---|
| 001 | stuzp57870 | ||
| 003 | SK-STU | ||
| 005 | 20160719155404.4 | ||
| 007 | ta | ||
| 008 | 150427s2015----xo-----f-mn---000-0-slo-d | ||
| 040 | |a STU |b slo | ||
| 041 | 0 | |a slo | |
| 100 | 1 | |a Nezval, Martin |u 020020 |4 aut |U SjF Strojnícka fakulta |T SjF Ústav automatizácie, merania a aplikovanej informatiky |X 55514 |U J0020 |Y 802 |7 55514 | |
| 242 | 0 | 1 | |a Microgenerators |y eng |
| 245 | 1 | 0 | |a Mikrogenerátory |
| 260 | |c 2016 | ||
| 650 | 4 | |a magnetická indukcia |2 slo | |
| 650 | 4 | |a rezonancia |2 slo | |
| 650 | 4 | |a získavanie energie |2 slo | |
| 650 | 4 | |a vibračný mikrogenerátor |2 slo | |
| 650 | 4 | |a magnetic flux |2 eng | |
| 650 | 4 | |a resonance |2 eng | |
| 650 | 4 | |a energy harvesting |2 eng | |
| 650 | 4 | |a vibration microgenerator |2 eng | |
| 700 | 1 | |a Vlnka, Ján |u 020020 |k Z1 |4 ths |U SjF Strojnícka fakulta |T SjF Ústav automatizácie, merania a aplikovanej informatiky |X 2405 |U J0020 |Y 802 |7 A000002405 | |
| 856 | 4 | |u http://is.stuba.sk/zp/portal_zp.pl?podrobnosti=108479 | |
| 996 | |b 284J044036 |c J* 2326/BP |l JJSK |s A |a 24 |w stuzp57870_0001 | ||
| SQL | |a stuzp57870 |b DBP |c SLO |d Mikrogenerátory |e 55514 |f Nezval, Martin |g 020020 |h 2405 |i Vlnka, Ján |j 20160614 |k 646 |l 02 |m http://is.stuba.sk/zp/portal_zp.pl?podrobnosti=108479 |n B-AISP |o 5.2.14. automatizácia | ||